Softvérové riešenie riadenia zásob v podniku

Riadenie zásob v podniku. Produkty umožňujúce podporu rozhodovania pri nákupe a riadení zásob. Používanie softvérových aplikácií.

Salvato in:
Dettagli Bibliografici
Autore principale: Gajdoš, Jozef, 1962-2025
Natura: Capitolo di libro
Lingua:slovacco
Soggetti:
Tags: Aggiungi Tag
Nessun Tag, puoi essere il primo ad aggiungerne!!

MARC

LEADER 00000nla$a2200000$$$4500
001 0051065
005 20240502071607.3
041 0 |a slo 
044 |a SK 
245 1 0 |a Softvérové riešenie riadenia zásob v podniku  |c Jozef Gajdoš 
520 |a Riadenie zásob v podniku. Produkty umožňujúce podporu rozhodovania pri nákupe a riadení zásob. Používanie softvérových aplikácií. 
610 2 0 |a riadenie zásob 
610 2 0 |a podnik 
610 2 0 |a rozhodovanie podnikové 
610 2 0 |a nákup 
610 2 0 |a softvér 
610 2 0 |a systémy informačné 
100 1 |a Gajdoš, Jozef, 1962-2025